000 00346nam a22001577a 4500
003 SGT
020 _a9788131264553
082 _a615.8
_bO21M
100 _aMAGEE, DAVID J
245 _aORTHOPEDIC PHYSICAL ASSESMENT
250 _a7TH
260 _aINDIA
_bELSEVIER PUB
_c2021
300 _a1282
650 _aPHYSIOTHERAPY
942 _2ddc
_cBK
999 _c30976
_d30976